| 000 | 00535nam a22001577a 4500 | ||
|---|---|---|---|
| 008 | 150407b xxu||||| |||| 00| 0 eng d | ||
| 020 | _a9780618257355 | ||
| 050 | _aQC173.59.S65.G67 2001 | ||
| 100 |
_aGott, J. Richard 111 _916906 |
||
| 245 |
_aTime travel in einstein's universe: _bthe physical possibilities of travel through time _c/by J. Richard Gott III |
||
| 260 |
_aBoston _bMariner book _c2001 |
||
| 300 |
_axii,291p. ; _c21cm. |
||
| 650 |
_aSpace and time _92213 |
||
| 650 |
_aTime travel _916907 |
||
| 942 |
_2lcc _cMONOGRAPH |
||
| 999 |
_c122573 _d122573 |
||